| 000 | 01694nam a2200493 4500 | ||
|---|---|---|---|
| 999 |
_c1155 _d1155 |
||
| 001 | 010906606 | ||
| 003 | UkOxU | ||
| 005 | 20210624074040.0 | ||
| 008 | 940106s1987 caua b 001 0 eng d | ||
| 010 | _aLC 86-45626 | ||
| 020 | _a1555422209 (hbk.) | ||
| 020 | _a9780470623107 (pbk.) | ||
| 020 | _a1555420257 (pbk.) | ||
| 035 | _aCURL 980086045626(Lc ) from gmlc361 | ||
| 040 | _cALUPE UNIVERSITY | ||
| 050 | 0 |
_aLC1059 _b.S45 1987 |
|
| 092 | _aD0501374902 | ||
| 100 | 1 | _aSchön, Donald A. | |
| 245 | 1 | 0 |
_aEducating the reflective practitioner / _cDonald A. Schön. |
| 260 |
_aSan Francisco : _bJossey-Bass, _cc1987. |
||
| 300 |
_axvii, 355 p. : _bill. ; _c24 cm. |
||
| 490 | 1 | _aJossey-Bass higher education series | |
| 504 | _aIncludes index and bibliographical references. | ||
| 650 | 0 | _aCollege teaching. | |
| 650 | 0 | _aEducational innovations. | |
| 650 | 0 | _aExperiential learning. | |
| 650 | 0 | _aProfessional education. | |
| 650 | 2 | _aProblem-Based Learning. | |
| 830 | 0 | _aJossey-Bass higher education series. | |
| 942 |
_2lcc _cBK _nSO |
||